LEADER 01399nam 2200313Ia 450 001 996385697603316 005 20221108032143.0 035 $a(CKB)1000000000601072 035 $a(EEBO)2240897124 035 $a(UnM)99898356 035 $a(EXLCZ)991000000000601072 100 $a19990201d1577 uy | 101 0 $alat 135 $aurbn||||a|bb| 200 10$aMarci Tullii Ciceronis quæstiones Tusculanæ per D. Erasmum Roterodamum acri iudicio restitutæ, emendatæ, & scholijs, vt breuissimis, ita doctissimis illustratæ. Accessit index, quæ in hoc opusculo tractantur, scitu dignissimorum luculentissimus$b[electronic resource] 210 $aLondini $cex typographia Ioannis Kyngstoni$dM.D.LXXVII. [1577] 215 $a[10], 258, [32] p 300 $aSignatures: A-S T⁶. 300 $aReproduction of original in the Folger Shakespeare Library. 330 $aeebo-0055 700 $aCicero$b Marcus Tullius$082411 701 $aErasmus$b Desiderius$fd. 1536.$0799747 801 0$bCu-RivES 801 1$bCu-RivES 801 2$bWaOLN 906 $aBOOK 912 $a996385697603316 996 $aMarci Tullii Ciceronis quæstiones Tusculanæ per D. Erasmum Roterodamum acri iudicio restitutæ, emendatæ, & scholijs, vt breuissimis, ita doctissimis illustratæ. Accessit index, quæ in hoc opusculo tractantur, scitu dignissimorum luculentissimus$92297549 997 $aUNISA LEADER 01264nam0 2200337 4500 001 000035591 005 20230525140239.0 010 $a978-88-919-0463-8 100 $a20230508d2019----km-y0itay50------ba 101 0 $aita 102 $aIT 105 $ay-------001yy 200 1 $aAsset management e investitori istituzionali$fa cura di Ignazio Basile, Maria Debora Braga, Pierpaolo Ferrari$gpresentazione di Andrea Sironi 205 $a2. ed 210 $aMilano$cPearson$d©2019$aTorino 215 $aXV, 478 p.$cill.$d26 cm 300 $aIn copertina: Codice di accesso a MyLab. 410 0$12001 500 11$aAsset management e investitori istituzionali$91551594 610 1 $aIntermediari finanziari$aServizi d'investimento 610 1 $aSistema creditizio$aGestione 676 $a332.0681$v21$9Economia finanziaria. Organizzazione: gestione finanziaria 702 1$aBasile,$bIgnazio$4340 702 1$aSironi,$bAndrea$f<1964- >$4080 702 1$aBraga,$bMaria Debora$f<1973- >$4340 702 1$aFerrari,$bPierpaolo$f<1970- >$4340 801 0$aIT$bUNIPARTHENOPE$c20230508$gRICA$2UNIMARC 912 $a000035591 951 $a332-A/12$b49109$cNAVA1$d2023 996 $aAsset management e investitori istituzionali$91551594 997 $aUNIPARTHENOPE